संभोगातून समाधीकडे (Record no. 324033)

MARC details
000 -LEADER
fixed length control field 00571nam a2200181Ia 4500
008 - FIXED-LENGTH DATA ELEMENTS--GENERAL INFORMATION
fixed length control field 090711s9999 xx 000 0 und d
082 ## - DEWEY DECIMAL CLASSIFICATION NUMBER
Item number 536
100 ## - MAIN ENTRY--PERSONAL NAME
Personal name ओशो
245 ## - TITLE STATEMENT
Title संभोगातून समाधीकडे
260 ## - PUBLICATION, DISTRIBUTION, ETC. (IMPRINT)
Name of publisher, distributor, etc जीवन जागृती केंद्र प्रकाशन
300 ## - PHYSICAL DESCRIPTION
Extent 128
600 ## - SUBJECT ADDED ENTRY--PERSONAL NAME
Personal name ओशो
630 ## - SUBJECT ADDED ENTRY--UNIFORM TITLE
Uniform title संभोगातून समाधीकडे
700 ## - ADDED ENTRY--PERSONAL NAME
Personal name ओशो
700 ## - ADDED ENTRY--PERSONAL NAME
Personal name ओशो
730 ## - ADDED ENTRY--UNIFORM TITLE
Uniform title संभोगातून समाधीकडे
942 ## - ADDED ENTRY ELEMENTS (KOHA)
Koha item type Book

No items available.